00630nam a2200169 a 450000100100000000500170001000800410002704000250006808200140009311000570010724500740016426000500023830000340028804900090032295201120033199900170044300003037820220823125740.0110516s19uu dr ac 000 0 spa d aDO-SdBNPbspacBNPHU axxxbR4262 aBanco de Reservas de la República Dominicana9628510aBanco de Reservas de la República Dominicana :binforme anual 1983. aSanto Domingo :bBanco de Reservas,c[19--?]. a42 p. :bil., retr. ;c29 cm. aBNPD 0010718PDaPDbPDcCTd2011-05-16iLF1l0oxxx R426p30378-10r2020-06-25w2020-06-25yLFPDZNo se presta c29870d29870